00948nam a2200205 b 4500003000500000005001700005008004100022020002300063040001400086041001500100082001300115100002200128245009800150260003900248300005300287490002200340500030900362650004700671700002400718322820250722113747.0210817s9999 xx a 000 1 und d a9780749657901qpbk aRDAc3228 2EaEnglish aEJF PIRO aPirotta, Saviour  0aThe golden slipper : an ancient Egyptian fairy tale ; and also, Cinderella /cSaviour Pirotta aLondon : bFranklin Watts, c2004. a48 pages :bsome color illustrations ; c21 cm. aOnce upon a world aTwo retellings of traditional fairy tales from different parts of the world which allow children to compare the different treatments of a theme. In both tales the focus is on a poor, ill-treated girl who has lost a special slipper. Includes brief notes for extension activities. Suggested level: primary. vChildren's stories, Englishx Fairy tales aMarks, Alan e1957-